000 00839nam a2200205Ii 4500
003 JO-AjNU
008 230605s9999||||xx |||||||||||||| ||und||
017 _a2001/5/924
040 _aJO-AjNU
_bara
_erda
_cJO-AjNU
041 _aara
050 1 4 _aBP42.M78 2001
100 3 _aجامعة الزرقاء الاهلية - مؤتمر,
_eauthor
_948488
245 0 0 _aتدريس الثقافة الأسلامية في الجامعات : بحوث المؤتمر الثالث لكلية الشريعة 24-26 ربيع الثاني 1421 هجري 25-27 /7/2000
264 3 1 _aالزرقاء: جامعة الزرقاء الاهلية، 2001
300 _a750ص
336 _atext
_btxt
_2rdacontent
337 _aunmediated
_bn
_2rdamedia
338 _avolume
_bnc
_2rdacarrier
650 4 _aالثقافة الاسلامية - مؤتمرات
_948489
999 _aA21238
_c24806
_d24806